[Event "FRA-chT4 0809"]
[Site "France "]
[Date "2009.02.08"]
[Round "5"]
[White "Fabre, Philippe"]
[Black "Lacroix, Romain"]
[Result "1-0"]
[WhiteElo "1816"]
[BlackElo "2163"]
[PlyCount "87"]
[EventDate "2008.10.??"]
[EventType "team-tourn"]
[EventRounds "9"]
[EventCountry "FRA"]
[SourceTitle "EXT 2010"]
[Source "ChessBase"]
[SourceDate "2010.11.25"]
[SourceVersion "1"]
[SourceVersionDate "2010.11.25"]
[SourceQuality "1"]

1. c4 c6 2. Nf3 Nf6 3. g3 d5 4. Bg2 e6 5. 0-0 Be7 6. d4 0-0 7. Nc3 Nbd7 8. Qc2 b6 9. b3 Bb7 10. Re1 c5 11. cxd5 Nxd5 12. e4 Nxc3 13. Qxc3 Nf6 14. e5 Nd5 15. Qd2 c4 16. Qc2 c3 17. a3 b5 18. Be3 b4 19. a4 a5 20. h4 h6 21. Rad1 Qd7 22. Nh2 Rfd8 23. Bc1 Nb6 24. Bxb7 Qxb7 25. f4 Rac8 26. f5 exf5 27. Qxf5 Qd7 28. Qh5 Qe6 29. Ng4 Qg6 30. Qxg6 fxg6 31. Ne3 Rc7 32. d5 Bc5 33. d6 Rcd7 34. Kg2 Re8 35. Nd5 c2 36. Rd2 Nxd5 37. Rxd5 Rc8 38. Bf4 Rf7 39. e6 Rxf4 40. gxf4 Bxd6 41. Rxd6 c1Q 42. Rxc1 Rxc1 43. Rd8+ Kh7 44. e7 1-0